Nomi italiani di città straniere - Benelux - Statistics

Statistiche generali
  • Questo quiz è stato fatto 79 volte
  • Il punteggio medio è 7 su 10
Statistiche sulle risposte
Nome locale Nome italiano % Corretto
Liège (Belgio) Liegi
90%
Letzebuerg (Lussemburgo) Lussemburgo
88%
Antwerpn (Belgio) Anversa
85%
Limbourg (Belgio) Limburgo
85%
Den Haag (Paesi Bassi) L'Aia
73%
Oostende (Belgio) Ostenda
68%
Groningen (Paesi Bassi) Groninga
59%
Leiden (Paesi Bassi) Leida
58%
Nijmegen (Paesi Bassi) Nimega
31%
Leuven (Belgio) Lovanio
27%
Nessun quiz corrispondente trovato
Distribuzione punteggi
Percentuale di utenti per punteggio
Percentile per numero di risposta
I tuoi punteggi nel tempo
Non hai fatto questo quiz